| 000 | 00489cam a2200193 4500 | ||
|---|---|---|---|
| 001 | B1754 | ||
| 008 | 090401t1982 xxu||||| |||| 00| 0 eng d | ||
| 035 | _a(Sirsi) u46242 | ||
| 041 | _aeng | ||
| 050 | _a333.3370942819 | ||
| 110 | _aSt.Quintin | ||
| 245 | _aLeeds :a report on the office and industrial property market. - March 1982 | ||
| 260 |
_aLeeds _bSt.Quintin _c1982 |
||
| 300 | _a28p. : ill. ; 30cm. | ||
| 350 | _a0 | ||
| 650 | _aOFFICES | ||
| 942 | _n0 | ||
| 948 | _c04/03/1997 | ||
| 999 |
_c91896 _d91896 |
||